| 000 | 00537cam a2200205 4500 | ||
|---|---|---|---|
| 001 | B922 | ||
| 008 | 090401t1987 xxu||||| |||| 00| 0 eng d | ||
| 035 | _a(Sirsi) u38712 | ||
| 041 | _aeng | ||
| 050 | _a711.1 | ||
| 110 |
_aCluttons _92064 |
||
| 245 | 4 | _aThe Town and Country Planning (Use Classes) Order 1987 : statutory instrument no. 764 | |
| 260 |
_aLondon _bCluttons _c1987 |
||
| 300 | _a6p. ; 30cm | ||
| 350 | _a0 | ||
| 650 | _aSTATUTORY INSTRUMENT 1987-NO 764 | ||
| 650 | _aUSE CLASSES | ||
| 942 | _n0 | ||
| 948 | _c04/03/1997 | ||
| 999 |
_c90691 _d90691 |
||